| 000 | 00454nam a22001817a 4500 | ||
|---|---|---|---|
| 003 | MPLRDC | ||
| 005 | 20220104124137.0 | ||
| 008 | 210129b ||||| |||| 00| 0 eng d | ||
| 020 | _a7-80146-248-3 | ||
| 082 | _a523.13 LY | ||
| 100 | _a刘炎 | ||
| 245 |
_a幼儿园游戏教学论 _c |
||
| 250 | _a一版一刷 | ||
| 260 |
_a中国 _b中国社会出版社 _c1999 |
||
| 300 | _b350 | ||
| 650 | _a学前教育--儿童游戏 | ||
| 942 |
_cBK _o523.13 LY |
||
| 999 |
_c16974 _d16964 |
||